00504nam a22001697a 450000500170000001000150001702000260003203500140005803700200007208200060009210000200009824501090011826000320022727000460025930000190030570000100032420241218143412.0 aENG-143080 a9789350132128c510.00 aEN-126612 bUpkar Prakashan 21 aGupta, S. Anand aCTET elementary stage paper II for class VI-VIII mathematics and science/cby S. Anand Gupta [and] Singh aAgrabUpkar Prakashanc2020 a2/11A, Swadeshi Bima Nagar bAgrae282002 avp.c27cm(pbk) aSingh